| Поле | Инд. | ПП | Название | Значение |
|---|---|---|---|---|
| Тип записи | a | |||
| Библиографический уровень | m | |||
| 001 | Контрольный номер | e1ebaf0e24c34048a04a8ade17983cf4 | ||
| 005 | Дата корректировки | 20240628115425.8 | ||
| 020 | a | ISBN | 5-244-00338-0 | |
| 040 | a | Служба первич. каталог. | 10013504 | |
| b | Код языка каталог. | rus | ||
| e | Правила каталог. | PSBO | ||
| 041 | 0_ | a | Код языка текста | rus |
| 080 | a | Индекс УДК | 94(470+571) | |
| 080 | a | Индекс УДК | 930.85(470+571) | |
| 080 | a | Индекс УДК | 39(470+571) | |
| 090 | r | Идентификатор организации | 10013504 | |
| a | Полочн. индекс | 94(Р) | ||
| x | Авторский знак | Г 946 | ||
| 100 | 1_ | a | Автор | Гумилев Л.Н. |
| 245 | 10 | a | Заглавие | Древняя Русь и Великая степь |
| 260 | a | Место издания | Москва | |
| b | Издательство | Мысль | ||
| c | Дата издания | 1992 | ||
| 300 | a | Объем | 781,[1] с. | |
| b | Иллюстрации/ тип воспроизводства | ил. | ||
| 520 | 0_ | a | Аннотация | Книга известного советского ученого — историка и географа Л.Н. Гумилева посвящена одной из самых сложных и запутанных проблем отечественной истории — вопросу взаимоотношений Древней Руси и ее соседей, главным образом степняков. Сочетание традиционных приемов исторического исследования с глубоким географическим анализом позволило автору из разрозненных, внешне не взаимосвязанных событий и явлений, головокружительного мелькания «войн и миров» создать целостную картину древнерусской этнической истории, основанную на оригинальной концепции. Книга публикуется в авторской редакции |
| 653 | 0_ | a | Ключевые слова | ИСТОРИЯ РОССИИ; ИСТОРИОГРАФИЯ; ЭТНОГРАФИЯ ИСТОРИЧЕСКАЯ |
| 900 | a | Имя макрообъекта | обложка.Древняя Русь и Великая степь . Л.Н. Гумилев; 1993 | |
| 901 | t | Тип документа | m | |
| 952 | a | Тип литературы для КСУ ВШ | КНР | |
| c | Вид литературы | монография |